000 01002cab a2200253 4500
001 X3353
008 090401t1996 xxu||||| |||| 00| 0 eng d
035 _a(Sirsi) u29930
041 _aeng
100 _aKnowles, R.
245 _aTwo appeal court construction decisions are overturned
260 _c1996
350 _a0
490 _aCSM (Chartered Surveyor Monthly)
_v5(5) February 1996, 46(1)
520 _aExamines HL decisions in "Ruxley Electronics and Construction Ltd v Forsyth" in which a swimming-pool was not built to specification, and "Trafalgar House Construction Ltd v General Surety and Guarantee Co Ltd" in which the insolvency of a subcontractor led to extra costs.
650 _aHOUSE OF LORDS DECISIONS
650 _aRUXLEY ELECTRONICS AND CONSTRUCTION LTD V FORSYTH
650 _aSPECIFICATIONS
650 _aSWIMMING POOLS
650 _aTRAFALGAR HOUSE CONSTRUCTION LTD V GENERAL SURETY AND GUARANTEE CO LTD
690 _aLAW
942 _n0
948 _c04/03/1997
999 _c20135
_d20135